The Supreme Ability Wars Quiz - Statistics

General Stats
  • This quiz has been taken 9 times
    6 since last reset
  • The average score is 41 of 125
Answer Stats
Type Ability Price % Correct
Secret Burger 6000 punches
100%
Normal Default 0 punches
100%
Normal Grapple 850 punches
100%
Normal Soda 50 punches
100%
Normal Teleportation 100 punches
100%
Badge Alchemist 12000 punches
67%
Normal Boomerang 650 punches
67%
Normal Bounty Hunter 1600 punches
67%
Secret Brick 250000 punches
67%
Normal Buff 1150 punches
67%
Secret Butter 5000 punches
67%
Badge Defender 11000 punches
67%
Secret Dice 10000 punches
67%
Badge Engineer None
67%
Badge Gingerbread 15000 punches
67%
Miscellaneous God Punch Robux
67%
Secret Hero of Justice Unknown
67%
Secret Jester 1500 punches
67%
Normal Lava 4500 punches
67%
Badge Lemon 2500 punches
67%
Removed Mind Control Unobtainable
67%
Normal Mushroom 1450 punches
67%
Normal Plant 4000 punches
67%
Normal Plasma 100000 punches
67%
Badge Portal 5000 punches
67%
Normal Robot 1000 punches
67%
Secret Seat 500 punches
67%
Normal Slime 1300 punches
67%
Normal Snow 2750 punches
67%
Badge Spring None
67%
Normal Stone 2500 punches
67%
Normal Time 15000 punches
67%
Badge Tree 3500 punches
67%
Badge UFO None
67%
Mastery Alchemist Mastery 500
33%
Badge Army 13000 punches
33%
Mastery Army Mastery 500
33%
Normal Barrier 2050 punches
33%
Normal Blood God 5000 punches
33%
Badge Bomb None
33%
Mastery Bomb Mastery 1500
33%
Normal Bone 5500 punches
33%
Badge Bubble 10000 punches
33%
Badge Cake None
33%
Mastery Cake Mastery 750
33%
Normal Cards 3000 punches
33%
Secret Cheese 750 punches
33%
Secret Coffee 50 punches
33%
Badge Combo None
33%
Normal Cosmos 30000 punches
33%
Mastery Cosmos Mastery 500
33%
Normal Crystal 7000 punches
33%
Mastery Defender Mastery Boss
33%
Normal Devourer of Souls 6000 punches
33%
Miscellaneous Double Jump Join the Group
33%
Badge Egg None
33%
Secret Energy Drink 150 punches
33%
Mastery Engineer Mastery 1750
33%
Badge Farmer 14000 punches
33%
Badge Festive None
33%
Normal Glue 550 punches
33%
Normal Gravity 450 punches
33%
Badge Hivemind 4000 punches
33%
Badge Jello 9000 punches
33%
Secret Kick None
33%
Mastery Lemon Mastery Maze
33%
Normal Magnet 2200 punches
33%
Mastery Magnet Mastery 150
33%
Badge Malice None
33%
Badge Mech 30000 punches
33%
Normal Meteor 3500 punches
33%
Secret Moai 1550 punches
33%
Normal Overcharge 1750 punches
33%
Normal Pirate 25000 punches
33%
Mastery Portal Mastery 45s
33%
Badge Pulse 6000 punches
33%
Normal Railgun 60000 punches
33%
Badge Randomize 250 punches
33%
Badge Reaper None
33%
Removed Shackle Unobtainable
33%
Normal Shift 350 punches
33%
Normal Soap 750 punches
33%
Secret Spectator None
33%
Normal Static 2350 punches
33%
Mastery UFO Mastery 250
33%
Admin Artist Command
0%
Removed Bind Unobtainable
0%
Normal Bionic 10000 punches
0%
Admin Bonekeeper Command
0%
Admin Britain Command
0%
Admin Builderman Command
0%
Admin Cake Lord Command
0%
Admin Commander Command
0%
Admin Deathbringer Command
0%
Normal Deflect 1900 punches
0%
Normal Discombobulate 250 punches
0%
Admin Empire Command
0%
Badge Firework None
0%
Normal Freeze 20000 punches
0%
Admin Galaxy Command
0%
Admin Gigachad Command
0%
Admin Gilgamesh Command
0%
Admin Gun Command
0%
Admin Ham Command
0%
Admin Hand God Command
0%
Admin HyperAdmin Command
0%
Admin Katana Command
0%
Admin Legacy Kick Command
0%
Admin Lidar Command
0%
Badge Mystic 7000 punches
0%
Normal Paladin 9000 punches
0%
Removed Pusher Unobtainable
0%
Normal Quantum 40000 punches
0%
Badge Rabbit None
0%
Badge Return 8000 punches
0%
Admin Salty Salty No Mi Command
0%
Admin Scientist Command
0%
Admin Slap Battles Command
0%
Admin Sojourn Command
0%
Badge Spectral 3000 punches
0%
Normal Storm 8000 punches
0%
Admin Terminator Command
0%
Admin Thanos Command
0%
Admin Ultra Instinct Command
0%
Admin Yuckygan Command
0%
No matching quizzes found
Score Distribution
Percent of People with Each Score
Percentile by Number Answered
Your Score History
You have not taken this quiz since the last reset